Proyectos de investigación : (Record no. 472)
[ view plain ]
| 000 -CABECERA | |
|---|---|
| campo de control de longitud fija | 00700nam a2200181 a 4500 |
| 001 - NÚMERO DE CONTROL | |
| campo de control | 000000474 |
| 005 - FECHA Y HORA DE LA ÚLTIMA TRANSACCIÓN | |
| campo de control | 20200929145340.0 |
| 008 - DATOS DE LONGITUD FIJA--INFORMACIÓN GENERAL | |
| campo de control de longitud fija | 081204nuuuuuuuudr ac 000 0 spa d |
| 040 ## - FUENTE DE LA CATALOGACIÓN | |
| Centro catalogador/agencia de origen | DO-SdBNP |
| Lengua de catalogación | spa |
| Centro/agencia transcriptor | BNPHU |
| 082 ## - NÚMERO DE LA CLASIFICACIÓN DECIMAL DEWEY | |
| Número de clasificación | 630.72 |
| Número de documento/Ítem | I59p |
| 110 2# - ENTRADA PRINCIPAL--NOMBRE DE ENTIDAD CORPORATIVA | |
| Nombre de entidad corporativa o nombre de jurisdicción como elemento de entrada | Instituto Dominicano de Investigaciones Agropecuarias y Forestales |
| 9 (RLIN) | 299 |
| 245 10 - MENCIÓN DE TÍTULO | |
| Título | Proyectos de investigación : |
| Resto del título | Centro de Tecnologías Agrícolas. |
| 260 ## - PUBLICACIÓN, DISTRIBUCIÓN, ETC. | |
| Lugar de publicación, distribución, etc. | Santo Domingo : |
| Nombre del editor, distribuidor, etc. | IDIAF, |
| Fecha de publicación, distribución, etc. | [s.f.]. |
| 300 ## - DESCRIPCIÓN FÍSICA | |
| Extensión | 14 p. : |
| Otras características físicas | il., retr. ; |
| Dimensiones | 22 cm. |
| 650 #4 - PUNTO DE ACCESO ADICIONAL DE MATERIA--TÉRMINO DE MATERIA | |
| Término de materia o nombre geográfico como elemento de entrada | Investigación agrícola |
| Subdivisión geográfica | República Dominicana |
| 9 (RLIN) | 126 |
| 650 #4 - PUNTO DE ACCESO ADICIONAL DE MATERIA--TÉRMINO DE MATERIA | |
| Término de materia o nombre geográfico como elemento de entrada | Agricultura |
| Subdivisión geográfica | República Dominicana |
| 9 (RLIN) | 1568 |
| 710 2# - PUNTO DE ACCESO ADICIONAL--NOMBRE DE ENTIDAD CORPORATIVA | |
| Nombre de entidad corporativa o nombre de jurisdicción como elemento de entrada | Instituto Dominicano de Investigaciones Agropecuarias y Forestales |
| 9 (RLIN) | 299 |
| Estado de retiro | Estado de pérdida | Restricciones de uso | No para préstamo | Código de colección | Localización permanente | Ubicación/localización actual | Ubicación en estantería | Fecha de adquisición | Número de inventario | Total de préstamos | Signatura topográfica completa | Código de barras | Fecha visto por última vez | Número de copia | Precio válido a partir de | Tipo de ítem Koha |
|---|---|---|---|---|---|---|---|---|---|---|---|---|---|---|---|---|
| Préstamo en sala | Dominicana de Servicio | Biblioteca Nacional Pedro Henríquez Ureña | Biblioteca Nacional Pedro Henríquez Ureña | En catalogación | 13.06.2011 | LF1 | 630.72 I59p | 474-30 | 25.06.2020 | e. 3 | 25.06.2020 | Libros y folletos | ||||
| Préstamo en sala | Dominicana de Servicio | Biblioteca Nacional Pedro Henríquez Ureña | Biblioteca Nacional Pedro Henríquez Ureña | En catalogación | 13.07.2011 | LF1 | 630.72 I59p | 474-40 | 25.06.2020 | e. 4 | 25.06.2020 | Libros y folletos | ||||
| Préstamo restringido | Excluido de préstamo | Patrimonio Dominicano | Biblioteca Nacional Pedro Henríquez Ureña | Biblioteca Nacional Pedro Henríquez Ureña | Depósito | 27.07.2009 | LF1 | 630.72 I59p | 474-10 | 25.06.2020 | 25.06.2020 | Libros y folletos | ||||
| Préstamo restringido | Excluido de préstamo | Patrimonio Dominicano | Biblioteca Nacional Pedro Henríquez Ureña | Biblioteca Nacional Pedro Henríquez Ureña | Depósito | 27.07.2009 | LF1 | 630.72 I59p | 474-20 | 25.06.2020 | e. 2 | 25.06.2020 | Libros y folletos |
